000 01041nam a2200241Ia 4500
003 OSt
005 20210809134355.0
008 210310s1947 mx fr 000 0 spa d
040 _aCO-JMCR
_cCO-JMCR
041 0 _aspa
082 0 4 _a332.497286 /
_bF141m
_223
100 1 _aFacio, Rodrigo,
_916702
_eautor
245 1 3 _aLa moneda y la banca central en Costa Rica /
_cRodrigo Facio
250 _aPrimera edición
260 _aMéxico :
_bFondo de Cultura Económica,
_c1947
300 _a325 páginas ;
_c21 cm.
490 0 _aObras de Economía
500 _aIncluye notas a pie de página.
505 0 _aAntecedentes del establecimiento de la banca central en Costa Rica -- Legislación bancaria y monetaria de 1937 -- La banca y la moneda en la practica: la economía costarricense en la paz y en la guerra -- Reformas y adiciones a la legislación bancaria y monetaria -- Presente y futuro de la economía costarricense
650 1 4 _aMoneda
_916704
_xEconomía
_zCosta Rica
650 2 4 _aMoneda
_zCosta Rica
_939188
942 _2ddc
_cBK
999 _c8234
_d8234